00625 a2200181 4500003000500000005001700005040000900022082001300031100002500044245004200069260002700111300001000138505012500148650001800273942001200291999001900303952012100322Nust20230525113405.0 cNust a823, GAL aGallico,Paul9112581 aFlowers for Mrs. HarriscPaul Gallico aLondonbMichael Joseph a502:p aFlowers For Mrs. Harris (Page-7), The Hunt For Kimathi (Page-71),By Love Possessed (Page-169),Hide My Eyes (Page-401). aFiction93172 2ddccBK c186757d186757 00102ddc4070aMCSbMCScFICd2016-12-12o823,GALpMCS30053r2016-12-08w2016-12-12yBKzAlmirah No.57, Shelf No.5